| 000 | 00462nam a2200217 454500 | ||
|---|---|---|---|
| 001 | 034781 | ||
| 003 | BD-ChCU | ||
| 008 | Eng | ||
| 020 | _ax | ||
| 040 |
_aDLC _cDLC _dBD-ChCU |
||
| 082 | 0 | 0 | _a531.34/CAT |
| 100 | 1 |
_aCampbell, R.W. _bx |
|
| 245 | 1 | 0 |
_aTops and gyroscopes _bx |
| 250 | _ax | ||
| 260 |
_aN.Y. _bThomas Y. Crowell _c1959 |
||
| 300 | _a(16), 174 | ||
| 504 | _ax | ||
| 650 | 0 |
_aGyroscope _bGyroscope |
|
| 700 | 1 | _ax | |
| 942 |
_2ddc _cBK |
||
| 999 |
_c34781 _d34781 |
||